000 01521nam a2200421Ia 4500
001 dia_2566
003 CHAP
005 20240729234623.0
007 ta
008 220117s1986 mx ado fr 001 0 spa d
010 _a173084
020 _a968-25-1147-X
040 _cCHAP
_amxchpua
041 _aspa
_heng
050 1 _aTP155
_b.U47 1986
082 _a660
_bU47 1986
_220
100 1 _aUlrich, Gael D.
_9116073
240 1 2 _aA guide to chemical engineering process design and economics.
_lEspañol
245 _aDiseño y economía de los procesos de ingeniería química /
_cGael D. Ulrich ; traductores Popocatépetl Ríos Lara y Jorge Estrada Pinto
250 _a1a edición
264 _aMéxico :
_bInteramericana,
_c1986
300 _axiv, 513 páginas :
_bilustraciones, gráficas, fotos
336 _2rdacontent
_atexto
_btxt
337 _2rdamedia
_ano mediado
_bn
338 _2rdacarrier
_avolumen
_bnc
500 _aLos ejemplares 2 y 3 son material fotocopiado -- Solicitar ejemplares en mostrador
504 _aIncluye bibliografías
650 1 3 _aDiseño de procesos
_9153146
_2atg
650 1 3 _aIngeniería química
_958271
_2atg
650 1 3 _aChemical engineering
_9147048
_2atg
650 1 3 _aProcess design
_9153147
_2atg
700 1 _aEstrada Pinto, Jorge
_9153148
_etraductor
700 1 _aRíos Lara, Popocatépetl
_9153149
_etraductora
901 _a660 U47 1986
902 _aM
905 _a5232271986 mx aimn8222223322spa16
942 _cLIBRO
_2ddc
999 _c173084
_d173084